Visualizzazione normale
Vista MARC
- Cecotti Manuela
di Personal Name
Records bibliografici associati: 1
001 - CONTROL NUMBER
- control field: 59577
003 - CONTROL NUMBER IDENTIFIER
- control field:
005 - DATE AND TIME OF LATEST TRANSACTION
- control field: 20230306115319.0
008 - FIXED-LENGTH DATA ELEMENTS
- fixed length control field: 230306|| aca||aabn | a|a d
040 ## - CATALOGING SOURCE
- Original cataloging agency:
- Transcribing agency:
100 ## - HEADING--PERSONAL NAME
- Personal name: Cecotti Manuela
670 ## - SOURCE DATA FOUND
- Source citation: Work cat.: ()211162: Cecotti Manuela, Procreazione medicalmente assistita., 2004